A critical discourse analysis of online game advertisements in english /

This study presents an attempt to apply a Critical Discourse Analysis perspective to investigate 50 online game advertisements in English. The data for analysis in this thesis is taken from official websites of companies publishing online game products in the United States. The study is based on the...

Täydet tiedot

Tallennettuna:
Bibliografiset tiedot
Päätekijä: Phạm,Thị Hồng Hạnh
Aineistotyyppi: Kirja
Kieli:English
Julkaistu: ĐHNN, 2016.
Aiheet:
Tagit: Lisää tagi
Ei tageja, Lisää ensimmäinen tagi!
Thư viện lưu trữ: Mạng thư viện Đại học Đà Nẵng
LEADER 03456cam a22003611a 4500
001 000041147
003 17443
005 20240619162946.0
008 170302s2016 vm 000 eng
040 |a LNN 
041 |a eng 
082 |a 407.6591  |b PH-H 
100 |a Phạm,Thị Hồng Hạnh 
245 2 |a A critical discourse analysis of online game advertisements in english /  |c Phạm Thị Hồng Hạnh. 
260 |a ĐHNN,  |c 2016. 
300 |a 82tr . : ill ; 30cm. 
520 |a This study presents an attempt to apply a Critical Discourse Analysis perspective to investigate 50 online game advertisements in English. The data for analysis in this thesis is taken from official websites of companies publishing online game products in the United States. The study is based on the theory of Critical Discourse Analysis introduced by Norman Fairclough, following a framework with three parts: Description, Interpretation and Explanation. It focuses on the analysis of linguistic features (lexical and grammatical features and textual structure), the discourse process and social process. The findings show that the advertisers employ linguistic features and persuasive strategies to represent their power and ideology which implicitly influence and manipulate their customer's perception and behavior. Hopefully, the results of the study will provide some practical applications for teaching and learning English. This study may be useful for those who are interested in investigating advertising discourse, especially through the lens of CDA. 
653 |a discourse analysis 
653 |a online game 
OWN |a LNN 
AVA |a UDN50  |b LNN  |c English  |d 407.6591 PH-H  |e available  |t Error 5001 Not defined in file expand_doc_bib_avail.  |f 1  |g 0  |h N  |i 0  |j AN  |k 1 
Z40 3 |y A CRITICAL DISCOURSE ANALYSIS OF ONLINE GAME ADVERTISEMENTS IN ENGLISH  |l Library of UFL  |t VIEW  |x http://catalog.udn.vn:80/F?func=service&doc_library=UDN01&local_base=UDN01&doc_number=000041147&sequence=000001&line_number=0001&func_code=DB_RECORDS&service_type=MEDIA  |f tomtat_000008022.pdf  |e pdf  |s 000787067  |k 20200913  |m NTMTHI 
Z40 3 |y A CRITICAL DISCOURSE ANALYSIS OF ONLINE GAME ADVERTISEMENTS IN ENGLISH  |l Library of UFL  |t VIEW  |x http://catalog.udn.vn:80/F?func=service&doc_library=UDN01&local_base=UDN01&doc_number=000041147&sequence=000002&line_number=0002&func_code=DB_RECORDS&service_type=MEDIA  |f LUANVAN_000008024.pdf  |e pdf  |s 002047769  |k 20200913  |m NTMTHI 
999 |a From the UDN01 
AVA |a UDN50  |b LNN  |c English  |d 407.6591 PH-H  |e available  |t Error 5001 Not defined in file expand_doc_bib_avail.  |f 1  |g 0  |h N  |i 0  |j AN  |k 1 
TYP |a Monograph 
TYP |a Printed language 
856 |y A CRITICAL DISCOURSE ANALYSIS OF ONLINE GAME ADVERTISEMENTS IN ENGLISH  |l Library of UFL  |t VIEW  |x http://catalog.udn.vn:80/F?func=service&doc_library=UDN01&local_base=UDN01&doc_number=000041147&sequence=000001&line_number=0001&func_code=DB_RECORDS&service_type=MEDIA  |f tomtat_000008022.pdf  |e pdf  |s 000787067  |k 20200913  |m NTMTHI 
856 |y A CRITICAL DISCOURSE ANALYSIS OF ONLINE GAME ADVERTISEMENTS IN ENGLISH  |l Library of UFL  |t VIEW  |x http://catalog.udn.vn:80/F?func=service&doc_library=UDN01&local_base=UDN01&doc_number=000041147&sequence=000002&line_number=0002&func_code=DB_RECORDS&service_type=MEDIA  |f LUANVAN_000008024.pdf  |e pdf  |s 002047769  |k 20200913  |m NTMTHI 
980 |a Mạng thư viện Đại học Đà Nẵng